LEADER 00789nam a2200205 i 4500 001 000000216953 003 CaOOAMICUS 005 20121115000000.0 008 121115s1972 it u000 u ita u 013 $a195849 040 $aSeMil$bita 100 1 $aMoresco, Paolo.$0(OLS)http://semarc/name/76681 245 10$aVecchi e nuovi rioni di Milano /$cPaolo Moresco. 260 $aMilano :$bSeletecnica,$c1972. 300 $aVIII, 429 p. :$bill. ;$c24 cm. 650 4$aMilano - Rioni e quartieri.$0(OLS)http://semarc/subject/4484 850 $aSeMil 852 $aSeMil$W1$xVenegono$y1$m3O III 165$j167369$B167369$CSeMilBibl$Z2$F178159 $81 996 $6245$aVecchi e nuovi rioni di Milano$9(OLS)http://semarc/title/311831 996 $6260$aMilano :$bSeletecnica$9(OLS)http://semarc/publisher/53022 LEADER 01743nam a2200253 i 4500 001 000000058262 003 CaOOAMICUS 005 20060710000000.0 008 060710s1916 xx u000 u mul u 013 $a29434 040 $aSeMil$bita 110 2 $aSanta Sede : Congregazione delle Cause dei Santi.$0(OLS)http://semarc/name/399 240 10$aAliae Novissimae Animadversiones ; Responsio ad alias novissimas animadversiones ; Summarium additionale.$0(OLS)http://semarc/title/90790 245 10$aBobien. seu Placentina et Januen. Beatificationis et canonizationis ven. servi Dei Antonii Mariae Gianelli episcopi bobiensis fundatoris Congregationis Religiosarum Sororum Filiarum Mariae ab Horto nuncupatarum :$btertia nova positio super virtutibus /$cSacra Rituum Congregatione ; Emo ac Rmo Domino Cardinali Cajetano Bisleti relatore. 260 $aRomae :$bTypis Guerra et Mirri,$c1916. 300 $a1 v. (varie sequenze). 600 14$aGianelli, Antonio Maria .$0(OLS)http://semarc/subject/10056 650 4$aSanti - Canonizzazione.$0(OLS)http://semarc/subject/1571 700 1 $aBisleti, Gaetano.$0(OLS)http://semarc/name/7385 710 2 $aChiesa Cattolica : Congregazione dei riti.$0(OLS)http://semarc/name/552 850 $aSeMil 852 $aSeMil$W1$xVenegono$y1$m6W II 19$j24415$B24415$CSeMilBibl$Z2$F24418 $8I 996 $6245$aBobien. seu Placentina et Januen. Beatificationis et canonizationis ven. servi Dei Antonii Mariae Gianelli episcopi bobiensis fundatoris Congregationis Religiosarum Sororum Filiarum Mariae ab Horto nuncupatarum :$btertia nova positio super virtutibus$9(OLS)http://semarc/title/90789 996 $6260$aRomae :$bTypis Guerra et Mirri$9(OLS)http://semarc/publisher/34284